[Event "Niedersachsen-ch Seniors 49th"]
[Site "Wesel Undeloh"]
[Date "2015.07.25"]
[Round "7"]
[White "Gerhardt, Peter Michael"]
[Black "Niemann, Gerd"]
[Result "1/2-1/2"]
[WhiteElo "1827"]
[BlackElo "1756"]
[PlyCount "45"]
[EventDate "2015.07.19"]
[EventType "swiss"]
[EventRounds "7"]
[EventCountry "GER"]
[SourceTitle "EXT 2018"]
[Source "ChessBase"]
[SourceDate "2017.10.13"]
[SourceVersion "1"]
[SourceVersionDate "2017.10.13"]
[SourceQuality "1"]

1. Nf3 d6 2. g3 Bg4 3. Bg2 c6 4. 0-0 Nd7 5. d4 Ngf6 6. c4 e5 7. dxe5 Bxf3 8. exf3 dxe5 9. Nc3 Bc5 10. Bg5 Qc7 11. Qc2 h6 12. Be3 0-0 13. Rfe1 Bd4 14. Rad1 Bxe3 15. Rxe3 g6 16. Qe2 Rad8 17. Bh3 Rfe8 18. b4 Kg7 19. Red3 e4 20. fxe4 Ne5 21. Rxd8 Rxd8 22. Rxd8 Qxd8 23. Bf1 1/2-1/2

[Event "Niedersachsen-ch Seniors 49th"]
[Site "Wesel Undeloh"]
[Date "2015.07.20"]
[Round "2"]
[White "Schneider, Alexander"]
[Black "Niemann, Gerd"]
[Result "1-0"]
[WhiteElo "1981"]
[BlackElo "1756"]
[PlyCount "107"]
[EventDate "2015.07.19"]
[EventType "swiss"]
[EventRounds "7"]
[EventCountry "GER"]
[SourceTitle "EXT 2018"]
[Source "ChessBase"]
[SourceDate "2017.10.13"]
[SourceVersion "1"]
[SourceVersionDate "2017.10.13"]
[SourceQuality "1"]

1. d4 d6 2. e4 Nf6 3. Nc3 c6 4. Bd3 e5 5. Nge2 Bg4 6. f3 Bh5 7. Be3 Nbd7 8. Qd2 h6 9. a3 exd4 10. Nxd4 Ne5 11. Be2 d5 12. exd5 Nxd5 13. 0-0-0 Bc5 14. Na4 Be7 15. Kb1 Bg6 16. f4 Nd7 17. f5 Bh7 18. g4 0-0 19. Nf3 Nxe3 20. Qxe3 Re8 21. Bc4 Bf6 22. Qb3 Re7 23. Qxb7 Qc8 24. Ba6 Qe8 25. Qxc6 Ne5 26. Nxe5 Rxe5 27. Qxe8+ Raxe8 28. Bd3 Ra5 29. b3 Rb8 30. Kc1 Bg5+ 31. Rd2 Re5 32. Kd1 Bxd2 33. Kxd2 g6 34. fxg6 fxg6 35. b4 g5 36. Nc5 Bxd3 37. cxd3 Rf8 38. d4 Rf2+ 39. Kc3 Re3+ 40. Kc4 Rxa3 41. d5 Rc2+ 42. Kb5 Rd2 43. Kc6 Kf7 44. Rf1+ Ke7 45. Re1+ Kf7 46. d6 a5 47. b5 Rc3 48. b6 Rxc5+ 49. Kxc5 Rc2+ 50. Kb5 Rb2+ 51. Kxa5 Ra2+ 52. Kb5 Rb2+ 53. Kc6 Rc2+ 54. Kd7 1-0

[Event "GER Seniors Derby 08th"]
[Site "Wesel Undeloh"]
[Date "2009.04.16"]
[Round "1.8"]
[White "Lietz, Helmuth"]
[Black "Niemann, Gerd"]
[Result "0-1"]
[WhiteElo "1632"]
[BlackElo "1872"]
[PlyCount "62"]
[EventDate "2009.04.16"]
[EventType "swiss"]
[EventRounds "7"]
[EventCountry "GER"]
[SourceTitle "EXT 2022"]
[Source "ChessBase"]
[SourceDate "2021.10.06"]
[SourceVersion "1"]
[SourceVersionDate "2021.10.06"]
[SourceQuality "1"]

1. d4 e6 2. c4 b6 3. Nc3 Bb7 4. a3 Nf6 5. Bg5 h6 6. Bh4 Be7 7. e3 c5 8. f3 Nc6 9. Bf2 cxd4 10. exd4 d5 11. c5 bxc5 12. dxc5 d4 13. Na4 0-0 14. Bd3 Ne5 15. Bxd4 Nxd3+ 16. Qxd3 e5 17. Qb5 exd4 18. Qxb7 Rb8 19. Qa6 Nd7 20. b4 Bg5 21. Ne2 Be3 22. Rd1 Rc8 23. Kf1 Qh4 24. Ng3 Nf6 25. Qe2 g6 26. Qc2 Bf4 27. Ne2 Nd5 28. Rd3 Ne3+ 29. Rxe3 Bxe3 30. g3 Qh3+ 31. Ke1 Rce8 0-1